10 palabras clave en ética de las profesiones

Guardat en:
Dades bibliogràfiques
Autors principals: Cortina Orts, Adela (Autor), Conill, Jesús (Autor)
Format: Llibre
Idioma:espanyol
Publicat: Pamplona Verbo Divino 2000
Col·lecció:Colección 10 Palabras clave en-sobre, 20
Matèries:
Etiquetes: Afegir etiqueta
Sense etiquetes, Sigues el primer a etiquetar aquest registre!

MARC

LEADER 00000cam a2200000 a 4500
001 UCN0785
003 CL-VaPUC
008 010330e20000000SP |||||||||||||||||spa|d
020 |a 8481693596 
082 0 4 |a 174  |b COR  |2 21 
100 0 |a Cortina Orts, Adela  |e author  |9 456007 
700 0 |a Conill, Jesús  |e author  |9 456008 
245 1 0 |a 10 palabras clave en ética de las profesiones 
300 |a 357 p 
942 |c BK 
945 |d 20010330 00:00:00  |a vberengu 
260 |a Pamplona  |b Verbo Divino  |c 2000 
650 0 |a Comportamiento moral  |9 334569 
650 0 |a Educación moral  |9 308319 
650 0 |a Etica profesional   |9 255694 
650 7 |a DEONTOLOGIA  |2 CL-VaPUC  |9 327933 
583 |a last modification  |c 20141009 11:12:14  |k Rodrigo Vera 
490 0 |a Colección 10 Palabras clave en-sobre, 20 
999 |c 294410  |d 294408 
952 |0 0  |1 0  |4 0  |6 174_000000000000000_COR_2000  |7 0  |8 F  |9 346817  |a BIBTEO  |b BIBTEO  |d 2019-11-20  |i 367987K  |o 174 COR 2000  |p 367987K  |r 2025-01-17  |w 2019-11-20  |y BK_F  |k ICR 
952 |0 0  |1 0  |4 0  |6 174_000000000000000_COR_2000  |7 0  |8 F  |9 346818  |a BIBTEO  |b BIBTEO  |d 2019-11-20  |i 405010K  |o 174 COR 2000  |p 405010K  |r 2025-01-17  |w 2019-11-20  |y BK_F  |k ICR 
952 |0 0  |1 0  |4 0  |6 174_000000000000000_COR_2000  |7 0  |8 A  |9 346819  |a BIBEDU  |b BIBEDU  |d 2019-11-20  |i 426438K  |l 1  |o 174 COR 2000  |p 426438K  |r 2023-07-06  |s 2023-07-06  |w 2019-11-20  |y BK  |k EDU 
952 |0 0  |1 0  |4 0  |6 174_000000000000000_COR_2000  |7 0  |8 F  |9 346820  |a BIBTEO  |b BIBTEO  |d 2019-11-20  |i 4266501  |o 174 COR 2000  |p 4266501  |r 2025-01-17  |w 2019-11-20  |y BK_F  |k ICR 
952 |0 0  |1 0  |4 0  |6 174_000000000000000_COR_2000  |7 0  |8 F  |9 346821  |a BIBTEO  |b BIBTEO  |d 2019-11-20  |i 426651K  |o 174 COR 2000  |p 426651K  |r 2025-01-17  |w 2019-11-20  |y BK_F  |k ICR 
952 |0 0  |1 0  |4 0  |6 174_000000000000000_COR_2000  |7 0  |8 A  |9 346822  |a BIBEDU  |b BIBEDU  |d 2019-11-20  |i 476742K  |o 174 COR 2000  |p 476742K  |r 2019-11-20  |w 2019-11-20  |y BK  |k EPE 
952 |0 0  |1 0  |3 erb  |4 0  |6 174_000000000000000_COR_2000  |7 0  |8 A  |9 346823  |a BIBGIM  |b BIBGIM  |i 5118387  |o 174 COR 2000  |p 5118387  |r 2025-01-15  |w 2019-11-20  |y BK  |z Catalogado en:20141009  |k SSL 
952 |0 0  |1 0  |3 erb  |4 0  |6 174_000000000000000_COR_2000  |7 0  |8 A  |9 346824  |a BIBGIM  |b BIBGIM  |i 5118395  |o 174 COR 2000  |p 5118395  |r 2025-01-15  |w 2019-11-20  |y BK  |z Catalogado en:20141009  |k SSL 
952 |0 0  |1 0  |3 erb  |4 0  |6 174_000000000000000_COR_2000  |7 0  |8 A  |9 346825  |a BIBGIM  |b BIBGIM  |i 5118409  |o 174 COR 2000  |p 5118409  |r 2025-01-15  |w 2019-11-20  |y BK  |z Catalogado en:20141009  |k SSL 
952 |0 0  |1 0  |3 erb  |4 0  |6 174_000000000000000_COR_2000  |7 0  |8 A  |9 346826  |a BIBGIM  |b BIBGIM  |i 5118417  |o 174 COR 2000  |p 5118417  |r 2025-01-15  |w 2019-11-20  |y BK  |z Catalogado en:20141009  |k SSL 
952 |0 0  |1 0  |3 erb  |4 0  |6 174_000000000000000_COR_2000  |7 0  |8 A  |9 346827  |a BIBGIM  |b BIBGIM  |i 5118425  |o 174 COR 2000  |p 5118425  |r 2025-01-15  |w 2019-11-20  |y BK  |z Catalogado en:20141009  |k SSL 
952 |0 0  |1 0  |3 erb  |4 0  |6 174_000000000000000_COR_2000  |7 0  |8 A  |9 346828  |a BIBGIM  |b BIBGIM  |i 514910K  |o 174 COR 2000  |p 514910K  |r 2025-01-15  |w 2019-11-20  |y BK  |z Catalogado en:20150507  |k SSL 
952 |0 0  |1 0  |3 erb  |4 0  |6 174_000000000000000_COR_2000  |7 0  |8 A  |9 346829  |a BIBGIM  |b BIBGIM  |i 5149096  |o 174 COR 2000  |p 5149096  |r 2025-01-15  |w 2019-11-20  |y BK  |z Catalogado en:20150507  |k SSL